Matematičeskije metody i ekonomičeskij mechanizm
Saved in:
| Format: | Book |
|---|---|
| Language: | Russian |
| Published: |
Kišinev
Štiinca
1983
|
| Tags: |
No Tags, Be the first to tag this record!
|
MARC
| LEADER | 00000nam a2200000 4500 | ||
|---|---|---|---|
| 001 | c113312 | ||
| 005 | 20150325105500.3 | ||
| 041 | 0 | |a rus | |
| 044 | |a MD | ||
| 245 | 1 | 0 | |a Matematičeskije metody i ekonomičeskij mechanizm |
| 264 | 1 | |a Kišinev |b Štiinca |c 1983 | |
| 300 | |a 158 s. | ||